000 01296nam0a22002891 4500
001 rc\3185476
005 20120628150020.3
021 _aRU
_b75-62340
021 _aRU
_bРг10786-75
035 _a(NLR Aleph) 007336782
090 _a6066867
_c6066867
100 _a20120628d1975 |||y0rusy50 ca
101 0 _arus
102 _aRU
105 _aa z |||||
200 1 _aВодошламовое хозяйство и его совершенствование
_fЦНИИ экономики и науч.-техн. информации угольной пром-сти. ЦБНТИ МУП УССР
210 _aМосква
_cБ. и.
_d1975
215 _a[3], 11 с.
_cил.
_d20
225 1 _aЭкспресс-информация
_iСерия "Технология обогащения и брикетирования угля"
300 _aВ конце текста: И.С. Благов, инж.
702 1 _aБлагов
_bИ. С.
_gИгорь Сильвестрович
_4080
712 0 2 _aЦНИИ информации и технико-экономических исследований угольной промышленности
_cМосква
_3RU\NLR\AUTH\888204
801 0 _aRU
_bNLR
_gpsbo
801 1 _aRU
_bELAR
_2rusmarc
852 _aNLR
_j75-4/10095
942 _cBOOK
980 _aNB